Vista normal
Vista MARC
Entrada Corporate Name
Número de registros utilizados en: 1
001 - CONTROL NUMBER
- control field: 40190
003 - CONTROL NUMBER IDENTIFIER
- control field: OSt
005 - DATE AND TIME OF LATEST TRANSACTION
- control field: 20210909121458.0
008 - FIXED-LENGTH DATA ELEMENTS
- fixed length control field: 210909|| aca||aabn | a|a d
040 ## - CATALOGING SOURCE
- Original cataloging agency: OSt
- Transcribing agency: OSt
110 ## - HEADING--CORPORATE NAME
- Corporate name or jurisdiction name as entry element: CARBOCOL (Corporation)
- General subdivision: Historia
- General subdivision: Sucesos
670 ## - SOURCE DATA FOUND
- Source citation: Work cat.: (OSt)12418: Forero Báez, Roberto, autor 40189, Documentos sobre El Cerrejón /, 1985.